| 000 | 00498nam a2200181Ia 4500 | ||
|---|---|---|---|
| 003 | OSt | ||
| 005 | 20260303103544.0 | ||
| 008 | 211028s2003 xx 000 0 und d | ||
| 040 | _cAIMIT LIBRARY | ||
| 041 | _aeng | ||
| 082 | _a006.6 JOSJ | ||
| 100 |
_aJoseph, Josna;D Souza, Anil Prakash. _g92166 _92216 |
||
| 110 |
_aD Souza, Anil Prakash. _92217 |
||
| 245 | _aGraphics support for orbit analysis / | ||
| 260 |
_aBangalore _c2003 |
||
| 710 |
_aISRO Satellite Centre _92218 |
||
| 942 |
_2ddc _cPRO |
||
| 999 |
_c216823 _d216823 |
||